Les Chapitres de Harry Potter 5 - Statistiques

Statistiques générales
  • Ce quiz a été pris 876 fois
  • Le résultat moyen est 23 sur 38
Statistiques - réponses
Chapitre Réponse % Correct
18 L'armée de Dumbledore
88%
5 L'Ordre du phénix
86%
4 12, square Grimmaurd
79%
8 L'audience
75%
30 Graup
73%
34 Le département des mystères
73%
7 Le ministère de la magie
73%
37 La prophétie perdue
72%
31 BUSE
69%
1 Dudley détraqué
69%
15 La grande inquisitrice de Poudard
68%
10 Luna Lovegood
68%
23 Noël dans la salle spéciale
65%
16 A la tête de Sanglier
64%
35 Au-delà du voile
64%
12 Le professeur Ombrage
64%
13 Retenue douloureuse avec Dolores
61%
24 Occlumancie
60%
6 La noble et très ancienne maison des Black
59%
22 L'hôpital Ste Mangouste pour les maladies et blessures magiques
58%
28 Le pire souvenir de Rogue
56%
21 L'oeil du serpent
56%
9 Les malheurs de Mrs Weasley
55%
38 La deuxième guerre commence
54%
3 La garde rapprochée
54%
20 Le récit de Hagrid
53%
17 Décret d'éducation numéro 24
52%
36 Le seul qu'il ait jamais craint
52%
2 Crises de bec
51%
11 La nouvelle chanson du choixpeau magique
51%
14 Percy et Patmol
50%
25 Le scarabée sous contrôle
45%
19 Le lion et le serpent
44%
29 Conseils d'orientation
43%
27 Le centaure et le cafard
42%
33 Lutte et fugue
41%
32 Hors du feu
40%
26 Vu et imprévu
37%
Aucun quiz correspondant
Distribution des résultats
% des personnes avec chaque résultat
Percentile par nombre de réponses
Votre historique - résultats
Vous n’avez pas pris ce quiz